1839 1645 1605 1665 1908 1587 1466 1446 1718 1395 1855 1504 1235 1876 1696 1829 1437 1807 1967 1535 1096 1909 1842 1449 1315 1441 1841 1670 1343 1903 1557 1574 1204 1035 1854 1043 1693 1512 1306 1094 1805 1791 1482 1721 1006 1865 1354 1556 1820 1729 1163 1623 1725 1391 1096 1653 1022 1546 1904 1330 1891 1473 1634 1803 1621 1126 1303 1641 1885 1058 1518 1882 1154 1044 1695 1969 1570 1829 1470 1657 1162 1877 1532 1493 1549 1397 1262 1607 1706 1476 1026 1985 1886 1800 1445 1448 1239 1072 1841 BCNSPRNW ULIB Ver.6.0+V

เปลี่ยนเป็นภาษาไทย

Change to English
 แสดงรายละเอียดบรรณานุกรม
  กลับหน้าหลัก

Brief Record : Get Marc (ISO 2709) : E-mail record : QR code < ปิดหน้าต่าง
LEADER : 00000nam 2200000uu 4500
001    13399114431
003     ULIB
008    110627s||||||||th 000 0 tha d
020    9747053268
098    นว.^bม162ร
100 0  มนันยา
245 00 ระทึก/^cมนันยา
250    พิมพ์ครั้งที่ 2
260    กรุงเทพฯ :^bสามสี,^c2536
300    254 หน้า
710 1  สามสี
945    ^p65^l0^i031541
995    ทศพร
999 ^a ใช้งานได้ทุกระบบ
รายการนี้ยังไม่มีแท็ก
คุณยังไม่ได้ล็อกอิน คุณสามารถมีกิจกรรมร่วมกับเว็บไซต์ได้ แต่ต้องล็อกอินก่อน ::
  ล็อกอิน

รายการสื่อสารสนเทศ

ลำดับที่ ประเภท เลขเรียก/บาร์โค้ด สถานที่ สถานะ
1. นวนิยาย
นวนิยาย
 ฉ.1 
  Barcode: 031541
ห้องสมุดวิทยาเขตสวรรค์ประชารักษ์
►นวนิยาย
บนชั้น
  ขอยืม

รายการใกล้เคียง
    ผู้แต่ง [มนันยา]

BibComment


ยังไม่เคยถูกคอมเมนท์

คอมเมนท์ทรัพยากรรายการนี้
  คอมเมนท์: ระทึก มนันยา


 Copyright 2026. Bcnsprnw @Library